000 00976nam a2200277 a 4500
001 000001576
003 DO-SdBNP
005 20211203084928.0
008 090623t2008 dr ac 000 0cspa d
020 _a9789993439516
020 _a9993439517
040 _aDO-SdBNP
_bspa
_cBNPHU
082 4 _a929.2
_bD313D
_222
100 1 _aDefilló Martínez, Bernardo Augusto,
_d1940-
_95159
245 1 0 _aFamilia Defilló Martínez :
_bapuntes genealógicos /
_cBernardo Defilló.
260 _aSanto Domingo :
_bEdiciones Librería La Trinitaria,
_c2008.
300 _a91 p. :
_bil., facsíms., retrs. ;
_c22 cm.
500 _aIncluye datos biográficos del autor en las solapas.
504 _aBibliografía : p. 83-86.
590 _aInventariado, 2020/BT
600 1 4 _a Defilló Martínez (Familia)
_vGenealogía
_95160
650 4 _aParentesco
_92156
651 4 _aRepública Dominicana
_vGenealogía
_95161
910 _aValidado. Control de calidad EMS.
942 _2ddc
_cLBS1
999 _c1472
_d1472